[Event "15. OIBM Bad Wiessee"]
[Site "Bad Wiessee"]
[Date "2011.10.29"]
[Round "1.1"]
[White "Zhigalko, Sergei"]
[Black "Pohle, Reinhold"]
[Result "1-0"]
[WhiteElo "2696"]
[BlackElo "1946"]
[PlyCount "51"]
[EventDate "2011.??.??"]
[BlackTeam "SF Starnberger See e.V."]

1. e4 Nc6 2. Nf3 g6 3. d4 Bg7 4. Nc3 d6 5. d5 Ne5 6. Nxe5 Bxe5 7. Be3 e6 8. Qd2
Qf6 9. Nb5 Qe7 10. O-O-O a6 11. Qa5 b6 12. Qa4 Kf8 13. Nd4 Bxd4 14. Qxd4 e5 15.
Qd2 Bd7 16. f4 f6 17. fxe5 fxe5 18. Bg5 Qe8 19. Qc3 h6 20. Bh4 Qc8 21. Be2 Kg7
22. Rdf1 g5 23. Bg3 Nf6 24. h4 c6 25. hxg5 hxg5 26. Bxe5 1-0

[Event "15. OIBM Bad Wiessee"]
[Site "Bad Wiessee"]
[Date "2011.10.29"]
[Round "1.3"]
[White "Negi, Parimarjan"]
[Black "Brueckel, Gerhard"]
[Result "1-0"]
[WhiteElo "2631"]
[BlackElo "2004"]
[PlyCount "95"]
[EventDate "2011.??.??"]
[BlackTeam "SF Forst 1971"]

1. e4 e6 2. d4 d5 3. Nc3 Bb4 4. e5 c5 5. a3 Bxc3+ 6. bxc3 Qc7 7. Qg4 f5 8. Qg3
Nc6 9. Ne2 cxd4 10. cxd4 Qf7 11. c3 Nge7 12. h4 Na5 13. Rb1 Bd7 14. Nf4 a6 15.
a4 Bxa4 16. Ra1 b5 17. Ba3 Rc8 18. Be2 Nc4 19. Bd6 Kd7 20. Nd3 f4 21. Qf3 Nxd6
22. exd6 Kxd6 23. Ne5 Qf6 {Diagramm #} 24. c4 $3 Nc6 25. Qa3+ b4 26. c5+ Ke7
27. Qxa4 Nxe5 28. Qxa6 Rhd8 (28... Nc6 29. Qb7+) 29. dxe5 Qxe5 30. O-O Rxc5 31.
Qb7+ Rc7 32. Qxb4+ Qd6 33. Qb2 Kf7 34. Ra6 Qe7 35. Qe5 Rdc8 36. Qxf4+ Qf6 37.
Qd6 Re7 38. Bg4 Rc4 39. f3 Qd4+ 40. Kh1 Qf6 41. Qg3 Qc3 42. Kh2 Qd3 43. Rfa1
Qd4 44. Re1 g6 45. Rexe6 Rec7 46. Qd6 Rc1 47. Rf6+ Kg7 48. Qf8# 1-0

[Event "15. OIBM Bad Wiessee"]
[Site "Bad Wiessee"]
[Date "2011.10.29"]
[Round "1.4"]
[White "Hirstel, Serge"]
[Black "Khenkin, Igor"]
[Result "0-1"]
[WhiteElo "1942"]
[BlackElo "2624"]
[PlyCount "69"]
[EventDate "2011.??.??"]
[BlackTeam "Wiesbadener SV 1885"]

1. e4 c6 2. d4 d5 3. exd5 cxd5 4. Bd3 Nc6 5. c3 g6 6. Bf4 Nh6 7. Nf3 Bf5 8.
Bxf5 Nxf5 9. Qb3 Qd7 10. O-O Bg7 11. Re1 O-O 12. Nbd2 Rfe8 13. h3 f6 14. Nf1
Na5 15. Qc2 Rac8 16. Rad1 b5 17. Qb1 e6 18. Ne3 Nxe3 19. Rxe3 Nc4 20. Re2 e5
21. dxe5 fxe5 22. Bg3 e4 23. Nd4 a5 24. Nc2 b4 25. b3 bxc3 26. bxc4 d4 27. Nxd4
Bxd4 28. Kh2 $2 (28. Rxe4 $1 Rxc4 (28... Rxe4 29. Qxe4 Bxf2+ $4 (29... Rxc4 30.
Qa8+ Kf7 (30... Rc8 $4 31. Rxd4 $18) 31. Qf3+ $11) 30. Kxf2 Qxd1 (30... Rf8+
31. Ke2 $18) 31. Qe6+ $18) 29. Rxe8+ Qxe8 30. Qb3 Qf7 31. Qb8+ Qf8 (31... Kg7
$2 32. Rxd4 Rxd4 33. Be5+ $18) 32. Qb5 $11) 28... Rxc4 29. Qc2 Qa4 30. Qxa4
Rxa4 31. Rc1 Rb4 32. f3 e3 33. Rcc2 Rb2 34. Bd6 Rxc2 35. Rxc2 0-1

[Event "15. OIBM Bad Wiessee"]
[Site "Bad Wiessee"]
[Date "2011.10.29"]
[Round "1.5"]
[White "Volkov, Sergey"]
[Black "Lechner, Marcus"]
[Result "1-0"]
[WhiteElo "2614"]
[BlackElo "1966"]
[PlyCount "41"]
[EventDate "2011.??.??"]
[BlackTeam "Tschaturanga Wien"]

1. d4 Nf6 2. c4 e6 3. Nc3 Bb4 4. f3 d5 5. a3 Bxc3+ 6. bxc3 b6 7. cxd5 exd5 8.
e3 O-O 9. Ra2 Nc6 10. Bd3 Bb7 11. Ne2 Na5 12. Ng3 Re8 13. O-O Qc8 14. Re2 Ba6
15. e4 Bc4 16. Bg5 Nd7 17. Nf5 f6 18. Bf4 Qa6 19. Bxc4 Nxc4 20. exd5 Qxa3 21.
Rfe1 (21. Rfe1 Qf8 22. Re7) 1-0

[Event "15. OIBM Bad Wiessee"]
[Site "Bad Wiessee"]
[Date "2011.10.29"]
[Round "1.6"]
[White "Schmitz, Martin"]
[Black "Markowski, Tomasz"]
[Result "0-1"]
[WhiteElo "2037"]
[BlackElo "2607"]
[PlyCount "66"]
[EventDate "2011.??.??"]
[WhiteTeam "Freier SpV von 1898 Dort"]
[BlackTeam "SK König Plauen"]

1. e4 c5 2. Nf3 e6 3. d4 cxd4 4. Nxd4 a6 5. c4 Nf6 6. Nc3 Bb4 7. Qd3 d6 8. Be2
Nbd7 9. O-O Nc5 10. Qg3 Bxc3 11. bxc3 Ncxe4 12. Qxg7 Rg8 13. Qh6 e5 14. Nc2 Be6
15. Ne3 Qe7 16. Bd3 O-O-O 17. Qh4 Nc5 18. Be2 Nd5 19. Qxe7 Nxe7 20. Rd1 Na4 21.
Bd2 f5 22. Be1 f4 23. Nd5 Bxd5 24. cxd5 Rd7 25. Rab1 Rc7 26. c4 Nf5 27. Rb4 Nc5
28. Kf1 Rcg7 29. g3 Rf8 30. gxf4 Rfg8 31. Bd3 Nd4 32. f3 Rg1+ 33. Kf2 Nxd3+ (
33... Nxd3+ 34. Rxd3 R8g2+ 35. Ke3 Re2#) 0-1

[Event "15. OIBM Bad Wiessee"]
[Site "Bad Wiessee"]
[Date "2011.10.29"]
[Round "1.7"]
[White "Graf, Alexander"]
[Black "Wörl, Richard"]
[Result "1-0"]
[WhiteElo "2628"]
[BlackElo "2034"]
[PlyCount "79"]
[EventDate "2011.??.??"]
[WhiteTeam "SK König Plauen"]
[BlackTeam "SW Nürnberg Süd e.V."]

1. d4 Nf6 2. c4 e6 3. Nc3 d5 4. Bg5 Be7 5. e3 O-O 6. Rc1 Ne4 7. Bxe7 Qxe7 8.
cxd5 Nxc3 9. Rxc3 exd5 10. Bd3 c6 11. Qb1 h6 12. b4 a6 13. Ne2 Nd7 14. a4 Nf6
15. O-O Re8 16. b5 axb5 17. axb5 Bd7 18. Rfc1 Ne4 19. Bxe4 Qxe4 20. Qb3 Ra5 21.
bxc6 Bxc6 22. Nf4 Rea8 23. Nd3 Ra2 24. Nb4 Rd2 25. Rd3 Ba4 26. Qa3 Rxd3 27.
Nxd3 Qe8 28. Qc5 Bc6 29. Nb4 Qf8 30. h4 Qd8 31. Nxc6 bxc6 32. Qxc6 Rb8 33. g3
g6 34. Rc5 Rb1+ 35. Kg2 Qe7 36. Qxd5 Rb2 37. Qe5 Qb7+ 38. e4 Rxf2+ 39. Kxf2
Qb2+ 40. Kg1 1-0

[Event "15. OIBM Bad Wiessee"]
[Site "Bad Wiessee"]
[Date "2011.10.29"]
[Round "1.8"]
[White "Ovsepyan, Arshak"]
[Black "Baklan, Vladimir"]
[Result "0-1"]
[WhiteElo "1935"]
[BlackElo "2617"]
[PlyCount "80"]
[EventDate "2011.??.??"]
[WhiteTeam "SK München Südost e.V."]
[BlackTeam "SG Porz e.V."]

1. e4 c5 2. Nc3 a6 3. f4 b5 4. a3 Bb7 5. d3 e6 6. Nf3 Nf6 7. g3 d5 8. e5 d4 9.
Nxb5 axb5 10. exf6 Qxf6 11. Bg2 Qd8 12. O-O Be7 13. Qe2 O-O 14. Ne5 Bxg2 15.
Qxg2 Qd5 16. Qxd5 exd5 17. f5 f6 18. Nf3 Nc6 19. Bf4 Rfc8 20. Rfe1 c4 21. Kg2
Bf8 22. Rad1 c3 23. bxc3 dxc3 24. Rb1 Rxa3 25. Rxb5 Ra2 26. Re2 Rb2 27. Rxd5
Nb4 28. Rd7 Rxc2 29. Rxc2 Nxc2 30. Nd4 Ne1+ 31. Kf1 Nxd3 32. Rc7 Rxc7 33. Bxc7
Bc5 34. Nc2 Nb4 35. Ne1 Be3 36. Ke2 c2 37. Nxc2 Nxc2 38. Kd3 Nb4+ 39. Kxe3 Nd5+
40. Kd4 Nxc7 0-1

[Event "15. OIBM Bad Wiessee"]
[Site "Bad Wiessee"]
[Date "2011.10.29"]
[Round "1.9"]
[White "Zakhartsov, Viacheslav"]
[Black "Nachtkamp, Herbert"]
[Result "1-0"]
[WhiteElo "2580"]
[BlackElo "2059"]
[PlyCount "117"]
[EventDate "2011.??.??"]
[BlackTeam "SK Norderstedt von 1975"]

1. d4 d5 2. c4 Nc6 3. Nc3 Nf6 4. Nf3 dxc4 5. Bg5 a6 6. d5 Na7 7. e4 Nb5 8. Qa4
Bd7 9. Qxc4 Nxc3 10. bxc3 Bb5 11. Qd4 Bxf1 12. Kxf1 Nd7 13. Rd1 f6 14. Bf4 g6
15. Ke2 Bg7 16. Qc4 Qc8 17. Qxc7 Qxc7 18. Bxc7 Rc8 19. Bg3 Rxc3 20. Rc1 Ra3 21.
Rc2 O-O 22. Rb1 b5 23. Rb4 Re8 24. Nd4 Nb6 25. Bc7 Nc4 26. Nc6 Bf8 27. Rb3 Ra4
28. Kf3 Rc8 29. Bf4 g5 30. Bg3 h5 31. h4 g4+ 32. Ke2 Re8 33. f3 e6 34. dxe6
Rxe6 35. Nd4 Re8 36. Nf5 Rd8 37. Bc7 Rd7 38. Bf4 Kf7 39. Bc1 Rd8 40. Rd3 Rxd3
41. Kxd3 gxf3 42. gxf3 Ne5+ 43. Ke2 Rc4 44. Rxc4 Nxc4 45. Ng3 Ne5 46. f4 Nc6
47. Bb2 Be7 48. f5 a5 49. Nxh5 a4 50. Nf4 a3 51. Ba1 b4 52. Kd2 Bc5 53. Nd3 Bf8
54. Kc2 Na5 55. Bd4 Nc4 56. e5 fxe5 57. Nxe5+ Nxe5 58. Bxe5 Be7 59. h5 1-0

[Event "15. OIBM Bad Wiessee"]
[Site "Bad Wiessee"]
[Date "2011.10.29"]
[Round "1.10"]
[White "Kwossek, Georg"]
[Black "Rozentalis, Eduardas"]
[Result "1-0"]
[WhiteElo "2003"]
[BlackElo "2575"]
[PlyCount "51"]
[EventDate "2011.??.??"]
[WhiteTeam "SC Kitzingen von 1905"]

1. d4 Nf6 2. c4 e6 3. Nf3 Nc6 4. d5 $5 {von Anfang an nur nach vorne! Die
Theorie bevorzugt das unscheinbare 4.a3} exd5 5. cxd5 Bb4+ 6. Nc3 Ne7 7. e4 $5
{Wau! Im romantischen Stil des 19. Jahrhunderts, und das gegen einen knapp 600
Punkte stärkeren Gegner!} Nxe4 8. Qd4 Bxc3+ 9. bxc3 Nf6 10. Bd3 (10. c4 $5 {
wäre meine Wahl gewesen, aber Bauern decken ist was für Warmduscher!}) 10...
Nexd5 11. O-O O-O 12. Bg5 h6 13. Bd2 d6 14. Rae1 Bg4 15. c4 c5 16. Qb2 Bxf3 17.
gxf3 Nb6 (17... Nb4 $1 {Rozentalis}) 18. Kh1 d5 $2 {wie gelernet: Schwarz
kontert den geplanten weissen Flügelangriff mit einem Gegenschlag im Zentrum.
Sollte man ja auch machen, "außer wenn's schlecht ist" (c). Angebracht war} (
18... Re8 $1) 19. Rg1 ({nach} 19. Bxh6 Nxc4 (19... gxh6 20. Rg1+ Kh8 21. Qc1
Ng8 22. Rxg8+ Kxg8 23. Rg1+ $18) 20. Bxc4 gxh6 21. Rg1+ Kh8 22. Bxd5 (22. Qc1
Nh7) 22... Qd6 {scheint sich Schwarz zu halten}) 19... dxc4 $2 {der letzte
Fehler} (19... Re8 $8 {war angezeigt} 20. Rxg7+ $3 (20. Bxh6 $2 Rxe1 $19) 20...
Kxg7 21. Rxe8 Qd6 $3 {den muss man erst einmal finden!} (21... Qxe8 22. Bxh6+
Kxh6 23. Qxf6+ Kh5 24. Qf5+ Kh6 25. Qh7+ Kg5 26. Qg7+ Kh5 27. f4 $1 Qe1+ 28.
Kg2 $18) 22. Re5 (22. Bxh6+ Kxh6 23. Qd2+ Kh5 24. h4 $1 Nh7 $1 $11) 22... Rh8 (
22... d4 23. Bxh6+ $1) 23. Bf4 Qd8 24. Re1 {und Schwarz lebt immer noch
gefährlich}) 20. Bxh6 $1 (20. Rxg7+ {sah ebenfalls verlockend aus, aber hier
ist die Sache nach} Kxg7 21. Rg1+ Kh8 22. Bc3 Qxd3 23. Bxf6+ Kh7 24. Rg7+ Kh8
25. Rxf7+ Kg8 26. Rg7+ Kh8 27. Rxb7+ {die Mühle macht immer wieder Spaß! ;o)}
Kg8 28. Rg7+ Kh8 29. Rxa7+ Kg8 30. Rg7+ Kh8 31. Rd7+ Kg8 32. Rxd3 cxd3 33. Qxb6
d2 34. Qe6+ Rf7 35. Qd5 Rb8 36. Kg2 d1=R 37. Qxd1 Rxf6 {noch nicht gänzlich
klar}) 20... g6 21. Bxg6 fxg6 22. Rxg6+ Kh7 23. Reg1 Qd3 (23... Qd4 24. Qxd4
cxd4 25. Bf4 Ng8 26. Rg7+ Kh8 27. R7g3 {[%emt 0:00:05] und unser Freund und
Helfer meldet Matt in}) 24. Rg7+ Kh8 (24... Kxh6 25. Qc1+ $18) 25. Rg8+ $1 Kh7
26. R1g7+ (26. R1g7+ Kxh6 27. Qc1+ Kh5 28. Qg5# {"He made my day!" (Kwossek)
Eine Glanzpartie des fränkischen Amateurs!}) 1-0

[Event "15. OIBM Bad Wiessee"]
[Site "Bad Wiessee"]
[Date "2011.10.29"]
[Round "1.11"]
[White "Kempinski, Robert"]
[Black "Plug, Arjan"]
[Result "1-0"]
[WhiteElo "2604"]
[BlackElo "1945"]
[PlyCount "69"]
[EventDate "2011.??.??"]
[WhiteTeam "Hamburger SK von 1830 eV"]
[BlackTeam "Daniel Noteboom"]

1. d4 Nf6 2. Nf3 e6 3. c4 Nc6 4. e3 Bb4+ 5. Nbd2 O-O 6. a3 Bxd2+ 7. Qxd2 d6 8.
b4 Ne4 9. Qc2 f5 10. Bd3 Ng5 11. Nxg5 Qxg5 12. O-O h5 13. f4 Qe7 14. Bb2 Bd7
15. e4 Rae8 16. Rae1 Qf7 17. Re3 g6 18. d5 Nd8 19. Qc3 Kh7 20. dxe6 Bxe6 21.
exf5 Bxf5 22. Bxf5 gxf5 23. Rfe1 Rxe3 24. Rxe3 Rg8 25. Qf6 Qxf6 26. Bxf6 Nc6
27. Bc3 Rc8 28. b5 Nb8 29. Re7+ Kg6 30. Rg7+ Kh6 31. Rf7 Kg6 32. Rf6+ Kh7 33.
Rxf5 Kg6 34. Rf6+ Kh7 35. f5 1-0

[Event "15. OIBM Bad Wiessee"]
[Site "Bad Wiessee"]
[Date "2011.10.29"]
[Round "1.12"]
[White "Diller, Peter"]
[Black "Swiercz, Dariusz"]
[Result "0-1"]
[WhiteElo "2017"]
[BlackElo "2585"]
[PlyCount "100"]
[EventDate "2011.??.??"]
[WhiteTeam "SK Rothenburg e.V."]
[BlackTeam "Schachklub Turm Emsdetten e.V."]

1. e4 c5 2. Nc3 a6 3. f4 b5 4. Nf3 Bb7 5. d3 e6 6. Be2 b4 7. Nb1 d5 8. e5 Nc6
9. Be3 h5 10. O-O Nh6 11. Ng5 Nf5 12. Bf2 Be7 13. Nh3 g6 14. Nd2 Ncd4 15. Nf3
Nxf3+ 16. Bxf3 Qc7 17. c3 a5 18. Qd2 O-O 19. Rac1 Rfc8 20. Rc2 Qd7 21. Qe2 Kg7
22. Ng5 Rab8 23. c4 Qd8 24. cxd5 Bxd5 25. b3 Bxg5 26. fxg5 Bxf3 27. Qxf3 Qxg5
28. Rxc5 Rxc5 29. Bxc5 Rd8 30. h3 Rd7 31. d4 h4 32. Rd1 Rd5 33. Rf1 Qd2 34. Rf2
Qc1+ 35. Kh2 Qg5 36. Kg1 Kg8 37. Rf1 Qd8 38. Kh2 Qd7 39. Rd1 Kg7 40. Rd3 Qd8
41. Qe4 Qg5 42. Rd1 Qg3+ 43. Kg1 Ne3 44. Rc1 $2 {Diagramm #} Nxg2 45. Kf1 Nf4
46. Rc2 Qxh3+ 47. Ke1 Qg3+ 48. Kd1 h3 49. Rd2 h2 50. Kc2 Qc3+ 0-1

[Event "15. OIBM Bad Wiessee"]
[Site "Bad Wiessee"]
[Date "2011.10.29"]
[Round "1.14"]
[White "Raßl, Bernhard"]
[Black "Eingorn, Vereslav"]
[Result "0-1"]
[WhiteElo "2119"]
[BlackElo "2567"]
[PlyCount "74"]
[EventDate "2011.??.??"]
[WhiteTeam "SC Haar 1931"]

1. e4 c5 2. c3 e6 3. d4 d5 4. exd5 exd5 5. dxc5 Bxc5 6. Bb5+ Nc6 7. Qe2+ Nge7
8. Be3 Bxe3 9. Qxe3 O-O 10. Ne2 Nf5 11. Qd2 Nh4 12. Kf1 d4 13. Bxc6 bxc6 14.
cxd4 Qd5 15. Rg1 Ba6 16. Nbc3 Qa5 17. Re1 Rfe8 18. f3 Nf5 19. Kf2 Bxe2 20. Rxe2
Rxe2+ 21. Qxe2 Nxd4 22. Qc4 c5 23. Rd1 Rd8 24. Ne4 Ne6 25. Rxd8+ Qxd8 26. Ke1
Qh4+ 27. Kf1 Qxh2 28. Qd5 (28. Nxc5 Nf4) 28... h6 29. Qd2 Nf4 30. Qf2 Nd3 31.
Qg1 Qf4 32. Ke2 c4 33. b3 Nc1+ 34. Kd1 Nxa2 35. Kc2 f5 36. Nc5 Nb4+ 37. Kd1 c3
0-1

[Event "15. OIBM Bad Wiessee"]
[Site "Bad Wiessee"]
[Date "2011.10.29"]
[Round "1.16"]
[White "Wagner, Manfred"]
[Black "Nyzhnyk, Illja"]
[Result "0-1"]
[WhiteElo "2015"]
[BlackElo "2561"]
[PlyCount "40"]
[EventDate "2011.??.??"]
[WhiteTeam "SC Weiler im Allgäu e. V."]

1. e4 c5 2. d4 cxd4 3. c3 Nf6 4. e5 Nd5 5. cxd4 d6 6. f4 Nc6 7. Nf3 dxe5 8.
Nxe5 Nxe5 9. dxe5 e6 10. Bb5+ Bd7 11. Qa4 Rc8 12. Bd2 Bb4 13. Bxb4 (13. Bxd7+
Qxd7 14. Qxd7+ Kxd7 15. O-O Bc5+ 16. Kh1 Bd4 $17) 13... Rc1+ 14. Kd2 Rxh1 15.
Nc3 Rxa1 16. Ne4 Nxb4 17. Nd6+ Kf8 18. Bxd7 Qb6 19. Bb5 Qf2+ 20. Be2 Qd4+ 0-1

[Event "15. OIBM Bad Wiessee"]
[Site "Bad Wiessee"]
[Date "2011.10.29"]
[Round "1.17"]
[White "Ernst, Sipke"]
[Black "Kroencke, Uwe"]
[Result "1-0"]
[WhiteElo "2581"]
[BlackElo "2019"]
[PlyCount "27"]
[EventDate "2011.??.??"]
[WhiteTeam "SG Solingen e.V."]
[BlackTeam "Hamburger SK von 1830 eV"]

1. d4 Nf6 2. c4 e6 3. Nf3 b6 4. g3 Be7 5. Bg2 Bb7 6. O-O O-O 7. d5 exd5 8. Nh4
c5 9. Nc3 Re8 10. Nf5 Bf8 11. Bg5 Na6 12. Bxd5 Bxd5 13. Nxd5 Re5 14. Nh6+ 1-0

[Event "15. OIBM Bad Wiessee"]
[Site "Bad Wiessee"]
[Date "2011.10.29"]
[Round "1.18"]
[White "Arnoczky, Philipp"]
[Black "Rivas Pastor, Manuel"]
[Result "0-1"]
[WhiteElo "1948"]
[BlackElo "2559"]
[PlyCount "70"]
[EventDate "2011.??.??"]
[WhiteTeam "SK Bad Aibling"]

1. d4 e6 2. c4 b6 3. Nf3 Bb7 4. e3 f5 5. Bd3 Bb4+ 6. Bd2 Bxd2+ 7. Nbxd2 Nf6 8.
Qc2 Nc6 9. a3 Qe7 10. b4 g5 11. O-O Qg7 12. d5 g4 13. Nd4 Nxd4 14. exd4 O-O 15.
dxe6 dxe6 16. d5 exd5 17. Bxf5 Kh8 18. cxd5 Nxd5 19. Be4 Rad8 20. Nc4 Ba6 21.
Rfe1 Nf4 22. Rad1 Rd4 23. Rxd4 Qxd4 24. Qb2 c5 25. bxc5 bxc5 26. Qxd4+ cxd4 27.
Ne5 Re8 28. Nf7+ Kg7 29. Nd6 Rd8 30. Nf5+ Kf6 31. f3 gxf3 32. gxf3 d3 33. Ng3
d2 34. Rd1 Be2 35. Nxe2 Nxe2+ 0-1

[Event "15. OIBM Bad Wiessee"]
[Site "Bad Wiessee"]
[Date "2011.10.29"]
[Round "1.19"]
[White "Zhigalko, Andrey"]
[Black "Hoekstra, Carl"]
[Result "1-0"]
[WhiteElo "2555"]
[BlackElo "1922"]
[PlyCount "47"]
[EventDate "2011.??.??"]

1. e4 g6 2. d4 c6 3. c4 d5 4. exd5 cxd5 5. cxd5 Nf6 6. Nc3 Bg7 7. Bc4 O-O 8.
Nge2 Nbd7 9. Nf4 Nb6 10. Bb3 Bf5 11. O-O Be4 12. Nxe4 Nxe4 13. Re1 Nd6 14. Be3
Qd7 15. Nd3 Rac8 16. Ne5 Qd8 17. Qf3 Nbc4 18. Bf4 Re8 19. Bxc4 Nxc4 {Diagramm #
} 20. Nxf7 $1 Qb6 (20... Kxf7 21. Bc7+) 21. d6 exd6 22. Qd5 Rxe1+ 23. Rxe1 Bxd4
24. Nd8+ 1-0

[Event "15. OIBM Bad Wiessee"]
[Site "Bad Wiessee"]
[Date "2011.10.29"]
[Round "1.20"]
[White "Leick, Philippe"]
[Black "Adhiban, B."]
[Result "0-1"]
[WhiteElo "1943"]
[BlackElo "2551"]
[PlyCount "68"]
[EventDate "2011.??.??"]
[WhiteTeam "SK e4 Gerlingen"]

1. Nf3 Nf6 2. c4 c5 3. g3 Nc6 4. Nc3 d5 5. cxd5 Nxd5 6. Nxd5 Qxd5 7. Bg2 g6 8.
O-O Bg7 9. d3 O-O 10. a3 Qd6 11. Qc2 Bf5 12. Bf4 e5 13. Be3 b6 14. Rab1 Rac8
15. Qa4 Bd7 16. Qh4 Ne7 17. g4 f5 18. Bg5 Rce8 19. Bxe7 Rxe7 20. gxf5 gxf5 21.
b4 Bf6 22. Qc4+ Be6 23. bxc5 bxc5 24. Qc2 Kh8 25. Kh1 Rg8 26. Rg1 c4 27. dxc4
e4 28. c5 Qf4 29. Qd2 Qg4 30. Bf1 Qh5 31. Rxg8+ Bxg8 32. Nd4 f4 33. Rb3 Rg7 34.
Rb1 Qg4 0-1

[Event "15. OIBM Bad Wiessee"]
[Site "Bad Wiessee"]
[Date "2011.10.29"]
[Round "1.21"]
[White "Kunin, Vitaly"]
[Black "Seickel, Ralf"]
[Result "1-0"]
[WhiteElo "2549"]
[BlackElo "2180"]
[PlyCount "73"]
[EventDate "2011.??.??"]
[WhiteTeam "Freibauer Mörlenbach-Birkenau"]
[BlackTeam "vereinslos"]

1. d4 Nf6 2. c4 g6 3. Nc3 d5 4. cxd5 Nxd5 5. e4 Nxc3 6. bxc3 Bg7 7. Nf3 c5 8.
Be3 Qa5 9. Qd2 cxd4 10. cxd4 Qxd2+ 11. Kxd2 O-O 12. Rc1 Nc6 13. d5 Rd8 14. Ke1
Ne5 15. Nxe5 Bxe5 16. f4 Bg7 17. Bc4 Bd7 18. Kf2 Rdc8 19. e5 b5 20. Bd3 a6 21.
Be4 Rxc1 22. Rxc1 Rc8 23. Rxc8+ Bxc8 24. Ke2 Kf8 25. Kd3 Ke8 26. Kd4 f6 27. Bd2
Bb7 28. Bc3 Bh6 29. g3 fxe5+ 30. fxe5 Bc8 31. Kc5 Be3+ 32. Kc6 Bg1 33. e6 b4
34. Bxb4 a5 35. Bxa5 Bxh2 36. Be1 Bg1 37. Bd3 1-0

[Event "15. OIBM Bad Wiessee"]
[Site "Bad Wiessee"]
[Date "2011.10.29"]
[Round "1.22"]
[White "Angstl, Christoph"]
[Black "Hertneck, Gerald"]
[Result "0-1"]
[WhiteElo "1920"]
[BlackElo "2547"]
[PlyCount "52"]
[EventDate "2011.??.??"]
[WhiteTeam "Post-SV Rosenheim"]
[BlackTeam "MSA Zugzwang 82 e.V."]

1. d4 Nf6 2. c4 c5 3. d5 b5 4. cxb5 a6 5. bxa6 g6 6. Nc3 Bxa6 7. g3 d6 8. Bg2
Nbd7 9. Rb1 Bg7 10. Nf3 Nb6 11. b3 Bc8 12. Nd2 h5 13. h3 h4 14. Bb2 hxg3 15.
fxg3 Nh5 16. Nf1 Be5 17. Ne4 Nd7 18. Bxe5 Nxe5 19. Qd2 f5 20. Ng5 Qb6 21. Nf3
Nf7 22. Kf2 Nf6 23. Ng5 c4+ 24. Ke1 c3 25. Qc1 c2 26. Rb2 Qb4+ 0-1

[Event "15. OIBM Bad Wiessee"]
[Site "Bad Wiessee"]
[Date "2011.10.29"]
[Round "1.23"]
[White "Jakubiec, Artur"]
[Black "Sabel, Reinhard"]
[Result "1-0"]
[WhiteElo "2528"]
[BlackElo "2020"]
[PlyCount "79"]
[EventDate "2011.??.??"]
[BlackTeam "Sfr.Mainz 1928"]

1. e4 e5 2. Nf3 Nc6 3. Bc4 Nf6 4. d3 Be7 5. O-O O-O 6. Bb3 d6 7. c3 Be6 8. Bc2
Qd7 9. Nbd2 Rae8 10. Re1 Nh5 11. d4 exd4 12. Nxd4 g6 13. N2f3 Bg4 14. Bh6 Ng7
15. h3 Nxd4 16. cxd4 Bxf3 17. Qxf3 d5 18. exd5 Bd6 19. Red1 f5 20. a4 Qe7 21.
Bd2 Qh4 22. Bc3 Nh5 23. Re1 Qf4 24. Qxf4 Nxf4 25. Bb3 Ne2+ 26. Kf1 Nxc3 27.
bxc3 b6 28. Re6 Kg7 29. Ke2 Rxe6+ 30. dxe6 Kf6 31. Kd3 Ke7 32. Re1 c5 33. d5 f4
34. Bd1 Rf5 35. Bf3 Re5 36. Rb1 Kd8 37. a5 Kc7 38. axb6+ axb6 39. Kc4 Kb7 40.
Ra1 1-0

[Event "15. OIBM Bad Wiessee"]
[Site "Bad Wiessee"]
[Date "2011.10.29"]
[Round "1.24"]
[White "Winkler, Thorsten"]
[Black "Naumann, Alexander"]
[Result "0-1"]
[WhiteElo "2048"]
[BlackElo "2546"]
[PlyCount "76"]
[EventDate "2011.??.??"]
[WhiteTeam "SG Meimsheim-Gügl."]
[BlackTeam "SG Solingen e.V."]

1. d4 Nf6 2. c4 g6 3. Nc3 d5 4. h4 c5 5. cxd5 Nxd5 6. h5 Bg7 7. e3 cxd4 8. exd4
Nc6 9. Be3 e5 10. hxg6 hxg6 11. Rxh8+ Bxh8 12. dxe5 Nxe3 13. Qxd8+ Nxd8 14.
fxe3 Bxe5 15. Bb5+ Kf8 16. Nf3 Bxc3+ 17. bxc3 Be6 18. a4 Rc8 19. Kd2 Bd5 20.
Kc2 a6 21. Be2 Ne6 22. Ne1 Nc5 23. Bf3 Bb3+ 24. Kb2 Bxa4 25. Ka3 (25. Bxb7 $2
Rb8) 25... b5 26. Bd5 Nd7 27. c4 bxc4 28. Bxf7 Kxf7 29. Kxa4 Rb8 30. Rc1 Nc5+
31. Ka3 Rb3+ 32. Ka2 Rxe3 33. Rxc4 Rxe1 34. Rxc5 Re2+ 35. Kb3 Rxg2 36. Ra5 Rd2
37. Rxa6 Rd8 38. Kc3 Kg7 0-1

[Event "15. OIBM Bad Wiessee"]
[Site "Bad Wiessee"]
[Date "2011.10.29"]
[Round "1.25"]
[White "Sokolov, Andrei"]
[Black "Hein, Manfred"]
[Result "1-0"]
[WhiteElo "2519"]
[BlackElo "2102"]
[PlyCount "79"]
[EventDate "2011.??.??"]
[BlackTeam "FC Gunzenhausen 1910 e.V"]

1. e4 Nf6 2. e5 Nd5 3. d4 d6 4. Nf3 Bg4 5. Be2 e6 6. O-O Be7 7. c4 Nb6 8. h3
Bh5 9. Nc3 dxe5 10. Nxe5 Bxe2 11. Qxe2 O-O (11... Qxd4 12. Rd1 Qc5 13. b4 $1
Qxb4 14. Nb5 Na6 15. Qf3 Bf6 16. Ba3 Qa4 17. Qxb7 $18) 12. Be3 c6 13. Rad1 N8d7
14. f4 Qc7 15. b3 Rad8 16. Bf2 a6 17. Bg3 Qc8 18. Kh1 Nxe5 19. fxe5 f5 20. exf6
Bxf6 21. Ne4 Be7 (21... Bxd4 22. Rxf8+ Kxf8 23. Rxd4 Rxd4 24. Qf2+) 22. Rxf8+
Rxf8 23. Nc5 Bxc5 24. dxc5 Na8 25. Rd6 Nc7 26. Qd3 e5 27. Bxe5 Ne6 28. Qg3 g6
29. Bb2 Ng7 30. Qe5 Qc7 31. Kg1 Qf7 32. Rd1 Re8 33. Qxg7+ Qxg7 34. Bxg7 Kxg7
35. Rd7+ Kh6 36. Rxb7 Re2 37. Rb6 Rxa2 38. Rxc6 Kg5 39. Rd6 Ra3 40. c6 1-0

[Event "15. OIBM Bad Wiessee"]
[Site "Bad Wiessee"]
[Date "2011.10.29"]
[Round "1.26"]
[White "Dettweiler, Christian"]
[Black "Teske, Henrik"]
[Result "0-1"]
[WhiteElo "2031"]
[BlackElo "2547"]
[PlyCount "34"]
[EventDate "2011.??.??"]
[WhiteTeam "SC Iffezheim"]
[BlackTeam "SC 1950 Remagen"]

1. c4 Nf6 2. Nc3 e5 3. g3 Bb4 4. Bg2 O-O 5. e4 Bxc3 6. bxc3 c6 7. Ne2 d5 8.
exd5 cxd5 9. cxd5 Nxd5 10. O-O Nc6 11. d4 exd4 12. cxd4 Bg4 13. f3 Bf5 14. Qb3
Re8 15. Qxb7 Ndb4 16. Bf4 Rxe2 17. a3 Re7 0-1

[Event "15. OIBM Bad Wiessee"]
[Site "Bad Wiessee"]
[Date "2011.10.29"]
[Round "1.27"]
[White "Krivoborodov, Egor"]
[Black "Morrow, Hans M"]
[Result "1-0"]
[WhiteElo "2505"]
[BlackElo "1910"]
[PlyCount "75"]
[EventDate "2011.??.??"]

1. e4 c5 2. Nf3 Nc6 3. Bb5 a6 4. Bxc6 dxc6 5. O-O Bg4 6. h3 Bh5 7. g4 Bg6 8. d3
f6 9. Nh4 e6 10. Nc3 Bf7 11. f4 h5 12. g5 Qd4+ 13. Kg2 O-O-O 14. Qe2 Be8 15.
Be3 Qb4 16. Rfb1 fxg5 17. fxg5 Bd6 18. Nf3 e5 19. a3 Qa5 20. b4 cxb4 21. axb4
Qc7 22. b5 cxb5 (22... axb5) 23. Nd5 Qf7 24. c4 Ne7 25. Nb6+ Kb8 26. cxb5 Bxb5
27. Rxb5 axb5 28. Qb2 Qe6 29. Qxb5 Rhf8 30. Ra8+ Kc7 31. Nd5+ Nxd5 32. exd5
Rxa8 33. Qc4+ Kb8 34. dxe6 Rc8 35. Qd5 Rc2+ 36. Kg3 Ra6 37. Nxe5 h4+ 38. Kxh4
1-0

[Event "15. OIBM Bad Wiessee"]
[Site "Bad Wiessee"]
[Date "2011.10.29"]
[Round "1.28"]
[White "Frehen, Werner"]
[Black "Bromberger, Stefan"]
[Result "0-1"]
[WhiteElo "1941"]
[BlackElo "2511"]
[PlyCount "72"]
[EventDate "2011.??.??"]
[WhiteTeam "SG Niederkassel"]
[BlackTeam "FC Bayern München e.V."]

1. e4 c5 2. c3 d5 3. exd5 Qxd5 4. d4 g6 5. Be3 Nh6 6. c4 Qd8 7. d5 Nf5 8. Nc3
Nxe3 9. fxe3 Bh6 10. Qf3 O-O 11. Rd1 Nd7 12. Be2 Qb6 13. Rd2 f5 14. Nh3 Nf6 15.
O-O Bd7 16. Nf4 Qd6 17. Qh3 Bg7 18. Nb5 Bxb5 19. cxb5 Ne4 20. Rc2 Ng5 21. Qg3
Bh6 22. Qh4 Nf7 23. Kh1 Rfc8 24. Qg3 Qe5 25. Bd3 Nd6 26. Qh3 Bg7 27. b3 b6 28.
Qg3 a6 29. bxa6 b5 30. Qf3 c4 31. bxc4 bxc4 32. Be2 Rxa6 33. Rfc1 Ra3 34. Nd3
cxd3 35. Rxc8+ Kf7 36. Bd1 d2 0-1